Online
Catalog

El príncipe jardinero y fingido cloridano / (Record no. 10143)

MARC details
000 -CABECERA
campo de control de longitud fija 00991cam a2200277 a 4500
001 - NÚMERO DE CONTROL
campo de control 000010384
005 - FECHA Y HORA DE LA ÚLTIMA TRANSACCIÓN
campo de control 20200929162227.0
008 - DATOS DE LONGITUD FIJA--INFORMACIÓN GENERAL
campo de control de longitud fija 911120s1989 cu 001 0 spa d
035 ## - NÚMERO DE CONTROL DEL SISTEMA
Número de control de sistema (OCoLC)ocm24820403
040 ## - FUENTE DE LA CATALOGACIÓN
Centro catalogador/agencia de origen DO-SdBNP
Centro/agencia transcriptor IXA
Centro/agencia modificador DLC
042 ## - CÓDIGO DE AUTENTICACIÓN
Código de autenticación lccopycat
082 ## - NÚMERO DE LA CLASIFICACIÓN DECIMAL DEWEY
Número de clasificación Cu862.1
Número de documento/Ítem P681p, 1989
049 ## - FONDOS LOCALES (OCLC)
Fondos de biblioteca BNGR
100 1# - ENTRADA PRINCIPAL--NOMBRE DE PERSONA
Nombre de persona Pita, Santiago de,
Fechas asociadas al nombre 1901-1936
9 (RLIN) 25396
245 13 - MENCIÓN DE TÍTULO
Título El príncipe jardinero y fingido cloridano /
Mención de responsabilidad, etc. Santiago de Pita ; estudio preliminar, apéndice y notas de José Juan Arrom ; edición Miriam Martínez.
250 ## - MENCIÓN DE EDICIÓN
Mención de edición 6. ed.
260 ## - PUBLICACIÓN, DISTRIBUCIÓN, ETC.
Lugar de publicación, distribución, etc. La Habana, Cuba :
Nombre del editor, distribuidor, etc. Letras Cubanas,
Fecha de publicación, distribución, etc. 1989.
300 ## - DESCRIPCIÓN FÍSICA
Extensión 137 p. ;
Dimensiones 20 cm.
490 1# - MENCIÓN DE SERIE
Mención de serie Biblioteca básica de literatura cubana
650 #4 - PUNTO DE ACCESO ADICIONAL DE MATERIA--TÉRMINO DE MATERIA
Término de materia o nombre geográfico como elemento de entrada Teatro cubano
9 (RLIN) 24517
650 #4 - PUNTO DE ACCESO ADICIONAL DE MATERIA--TÉRMINO DE MATERIA
Término de materia o nombre geográfico como elemento de entrada Literatura cubana
9 (RLIN) 1483
700 1# - PUNTO DE ACCESO ADICIONAL--NOMBRE DE PERSONA
Nombre de persona Arrom, José Juan,
Fechas asociadas al nombre 1910-2007.
9 (RLIN) 25397
700 1# - PUNTO DE ACCESO ADICIONAL--NOMBRE DE PERSONA
Nombre de persona Martínez, Miriam
Término indicativo de función/relación ed.
9 (RLIN) 22372
830 #0 - PUNTO DE ACCESO ADICIONAL DE SERIE-TÍTULO UNIFORME
Título uniforme Biblioteca básica de literatura cubana ;
9 (RLIN) 14098
910 ## - DATOS DE OPCIÓN DEL USUARIO (OCLC)
Datos de opción del usuario Catalogación por copia / LC
Holdings
Estado de retiro Estado de pérdida Restricciones de uso No para préstamo Código de colección Localización permanente Ubicación/localización actual Ubicación en estantería Fecha de adquisición Número de inventario Total de préstamos Signatura topográfica completa Código de barras Fecha visto por última vez Precio válido a partir de Tipo de ítem Koha
    Préstamo interno   Monografías: Libros y Folletos General General En catalogación 06.10.2009 LF1   Cu862.1 P681p, 1989 10384-10 25.06.2020 25.06.2020 Préstamo interno

Powered by Koha